HAC concrete in the UK (Record no. 104899)
[ view plain ]
| 000 -LEADER | |
|---|---|
| fixed length control field | 01055cam a2200217 4500 |
| 001 - CONTROL NUMBER | |
| control field | ##L131915 |
| 008 - FIXED-LENGTH DATA ELEMENTS--GENERAL INFORMATION | |
| fixed length control field | 051215n2002 000 0 eng u |
| 020 ## - INTERNATIONAL STANDARD BOOK NUMBER | |
| International Standard Book Number | 186081591X |
| 035 ## - SYSTEM CONTROL NUMBER | |
| System control number | (Sirsi) u131915 |
| 041 0# - LANGUAGE CODE | |
| Language code of text/sound track or separate title | eng |
| 050 04 - LIBRARY OF CONGRESS CALL NUMBER | |
| Classification number | 693.5 $2 18 |
| 100 1# - MAIN ENTRY--PERSONAL NAME | |
| Personal name | Dunster, Andrew |
| 245 00 - TITLE STATEMENT | |
| Title | HAC concrete in the UK |
| Remainder of title | assessment, durability management, maintenance and refurbishment |
| 260 ## - PUBLICATION, DISTRIBUTION, ETC. | |
| Place of publication, distribution, etc. | London |
| Name of publisher, distributor, etc. | BRE |
| Date of publication, distribution, etc. | 2002 |
| 300 ## - PHYSICAL DESCRIPTION | |
| Extent | 19p |
| Other physical details | ill, tables |
| Dimensions | 30cm |
| 490 #0 - SERIES STATEMENT | |
| Series statement | BRE Special Digest |
| Volume/sequential designation | SD 3 |
| 520 ## - SUMMARY, ETC. | |
| Summary, etc. | Explains current guidance for the assessment of HAC concrete construction, including developments and experience since 1975, and describes testing regimes to identify HACC and check for cases of chemical attack. Assesses the current level of protection afforded to the reinforcement, and gives advice on durability management, maintenance and refurbishment. |
| 520 ## - SUMMARY, ETC. | |
| Summary, etc. | Supersedes BRE Digest 392 (ISBN 0851256252) |
| 690 ## - LOCAL SUBJECT ADDED ENTRY--TOPICAL TERM (OCLC, RLIN) | |
| Topical term or geographic name as entry element | BUILT ENVIRONMENT-BUILDING MATERIALS-CEMENTITIOUS, CONCRETE AND MINERAL BOUND MATERIALS-CONCRETE |
| 942 ## - ADDED ENTRY ELEMENTS (KOHA) | |
| Suppress in OPAC | 0 |
| Withdrawn status | Lost status | Source of classification or shelving scheme | Damaged status | Not for loan | Home library | Current library | Shelving location | Date acquired | Cost, normal purchase price | Total Checkouts | Full call number | Barcode | Date last seen | Copy number | Cost, replacement price | Price effective from | Koha item type |
|---|---|---|---|---|---|---|---|---|---|---|---|---|---|---|---|---|---|
| Dewey Decimal Classification | London | London | BRE publications | 18/07/2006 | 27.50 | ENQUIRY DESK | 30073143 | 06/08/2019 | 2 | 27.50 | 06/08/2019 | Book |